[Event "Southern California-ch"]
[Site "Arcadia"]
[Date "2014.09.18"]
[Round "1"]
[White "Remlinger, Larry"]
[Black "Kretchetov, Alexandre"]
[Result "1-0"]
[WhiteElo "2295"]
[BlackElo "2268"]
[PlyCount "119"]
[EventDate "2014.09.18"]
[EventType "tourn"]
[EventRounds "7"]
[EventCountry "USA"]
[EventCategory "1"]
[SourceTitle "EXT 2018"]
[Source "ChessBase"]
[SourceDate "2017.10.13"]
[SourceVersion "1"]
[SourceVersionDate "2017.10.13"]
[SourceQuality "1"]

1. d4 d5 2. Nf3 Nf6 3. c4 c6 4. e3 g6 5. Nbd2 Bg7 6. b4 0-0 7. Bb2 Bg4 8. Qb3 Bxf3 9. gxf3 e6 10. a4 a5 11. bxa5 Nbd7 12. Bg2 Qxa5 13. Bc3 Qc7 14. 0-0 g5 15. Rfc1 Rfe8 16. Bb4 Qb8 17. Rab1 Ra7 18. a5 Bf8 19. Bc3 Bd6 20. h4 h6 21. hxg5 hxg5 22. Kf1 Nf8 23. Ke2 Ng6 24. Rh1 e5 25. Rbg1 c5 26. dxc5 d4 27. cxd6 dxc3 28. Qxc3 Qxd6 29. Bh3 Qd8 30. Rxg5 Nh7 31. Rgg1 Qxa5 32. Qxa5 Rxa5 33. Ra1 Rc5 34. Bf5 Nf6 35. Rhb1 Rc7 36. Ra7 Ree7 37. Rb6 Kg7 38. Bd3 Nf8 39. Nb3 Ne6 40. Rb5 Nd8 41. Ra8 Nc6 42. Nd2 Red7 43. Nf1 Re7 44. Ng3 Re8 45. Nf5+ Kf8 46. Ra1 Rd8 47. Rab1 Rdd7 48. Rh1 Ng8 49. Rh8 Nce7 50. Rxe5 Ng6 51. Ra5 Rd8 52. Rh1 Rcd7 53. Nd4 Nf4+ 54. Kd2 Rxd4 55. exd4 Rxd4 56. Ra3 Ne7 57. Re1 Neg6 58. Re4 Rd7 59. Kc2 Ne6 60. Rxe6 1-0

[Event "Bay Area op"]
[Site "Santa Clara"]
[Date "2014.01.05"]
[Round "5"]
[White "Kiewra, Keaton F"]
[Black "Remlinger, Larry"]
[Result "1/2-1/2"]
[WhiteElo "2413"]
[BlackElo "2304"]
[PlyCount "98"]
[EventDate "2014.01.02"]
[EventType "swiss"]
[EventRounds "9"]
[EventCountry "USA"]
[SourceTitle "CBM 158 Extra"]
[Source "ChessBase"]
[SourceDate "2014.02.28"]
[SourceVersion "1"]
[SourceVersionDate "2014.02.28"]
[SourceQuality "1"]

1. Nf3 Nf6 2. c4 g6 3. Nc3 Bg7 4. e4 d6 5. d4 0-0 6. h3 e5 7. dxe5 dxe5 8. Qxd8 Rxd8 9. Bg5 c6 10. Nxe5 h6 11. Bxf6 Bxf6 12. Ng4 Bg7 13. Rd1 Re8 14. f3 Nd7 15. Kf2 Nc5 16. Ne3 h5 17. g4 h4 18. Rd2 a5 19. Bg2 a4 20. Re1 f5 21. gxf5 gxf5 22. exf5 Bh6 23. Ne4 Bxf5 24. Nf6+ Kf8 25. Nxe8 Rxe8 26. Nxf5 Bxd2 27. Rd1 Bg5 28. f4 Bxf4 29. Nxh4 Kf7 30. Kf3 Be5 31. Rd2 Kf6 32. Bf1 Rh8 33. Kg4 Rg8+ 34. Kf3 Rh8 35. Kg4 Ne4 36. Re2 Rg8+ 37. Kf3 Ng3 38. Re1 Nxf1 39. Rxf1 Bxb2 40. Ke4+ Ke6 41. Rf2 a3 42. Rg2 Rh8 43. Ng6 Rh6 44. Nf4+ Kd7 45. Rg3 b6 46. Rg4 Rd6 47. Nd3 Rh6 48. Nf4 Rd6 49. Nd3 Rh6 1/2-1/2

[Event "American op 49th"]
[Site "Orange"]
[Date "2013.11.28"]
[Round "1"]
[White "Mousseri, Daniel"]
[Black "Remlinger, Larry"]
[Result "1/2-1/2"]
[WhiteElo "2043"]
[BlackElo "2300"]
[PlyCount "76"]
[EventDate "2013.11.28"]
[EventType "swiss"]
[EventRounds "8"]
[EventCountry "USA"]
[SourceTitle "EXT 2015"]
[Source "ChessBase"]
[SourceDate "2014.11.20"]
[SourceVersion "1"]
[SourceVersionDate "2014.11.20"]
[SourceQuality "1"]

1. e4 e6 2. d4 d5 3. Nc3 Nc6 4. Nf3 Nf6 5. e5 Ne4 6. Bd3 Bb4 7. Bd2 Nxd2 8. Qxd2 f6 9. a3 Bxc3 10. Qxc3 fxe5 11. dxe5 Bd7 12. 0-0-0 Qe7 13. Rhe1 0-0-0 14. Bb5 Kb8 15. Bxc6 Bxc6 16. Qb4 Qxb4 17. axb4 Rdf8 18. Rd2 h6 19. Nd4 Bd7 20. g3 g5 21. f3 Rf7 22. Rf2 b6 23. f4 c5 24. bxc5 bxc5 25. Nb3 Rc8 26. Ref1 g4 27. h3 Rg7 28. hxg4 Rxg4 29. Rg1 Ba4 30. Rh2 Bxb3 31. cxb3 c4 32. Rxh6 cxb3+ 33. Kb1 Rf8 34. Rf6 Rfg8 35. Re1 Rxg3 36. Rxe6 Rf3 37. Rd6 Rxf4 38. Rxd5 Re4 1/2-1/2

[Event "USA tt"]
[Site "ICC INT"]
[Date "2013.10.03"]
[Round "6"]
[White "Mo, Kevin"]
[Black "Remlinger, Larry"]
[Result "0-1"]
[WhiteElo "2269"]
[BlackElo "2302"]
[PlyCount "74"]
[EventDate "2013.08.27"]
[EventType "team-tourn"]
[EventRounds "10"]
[EventCountry "USA"]
[SourceTitle "CBM 156 Extra"]
[Source "ChessBase"]
[SourceDate "2013.10.22"]
[SourceVersion "1"]
[SourceVersionDate "2013.10.22"]
[SourceQuality "1"]
[WhiteTeam "Carolina"]
[BlackTeam "Los Angeles"]
[WhiteTeamCountry "USA"]
[BlackTeamCountry "USA"]

1. e4 e6 2. d4 d5 3. Nc3 Nc6 4. Nf3 Nf6 5. e5 Ne4 6. Bd3 Bb4 7. Bd2 Nxd2 8. Qxd2 f6 9. exf6 Qxf6 10. 0-0 0-0 11. Rae1 a6 12. a3 Bd6 13. Nd1 g6 14. c3 Qg7 15. Qg5 Rxf3 16. gxf3 Bd7 17. Ne3 Rf8 18. Qg2 Qf6 19. Be2 Qh4 20. Ng4 Rf5 21. Kh1 Kg7 22. Rg1 Rg5 23. h3 h5 24. f4 Rxg4 25. Bxg4 hxg4 26. Qxg4 Qxg4 27. hxg4 Bxf4 28. f3 e5 29. dxe5 Nxe5 30. Kg2 c5 31. Re2 Bc6 32. Rge1 Kf6 33. Rd1 Bb5 34. Rf2 Nc4 35. Rb1 Ne3+ 36. Kg1 d4 37. cxd4 cxd4 0-1

[Event "Los Angeles Metropolitan 29th"]
[Site "Los Angeles"]
[Date "2013.08.18"]
[Round "8"]
[White "Amerkeshev, Madiyar"]
[Black "Remlinger, Larry"]
[Result "1/2-1/2"]
[WhiteElo "2228"]
[BlackElo "2302"]
[PlyCount "86"]
[EventDate "2013.08.14"]
[EventType "tourn"]
[EventRounds "9"]
[EventCountry "USA"]
[EventCategory "1"]
[SourceTitle "CBM 156 Extra"]
[Source "ChessBase"]
[SourceDate "2013.10.22"]
[SourceVersion "1"]
[SourceVersionDate "2013.10.22"]
[SourceQuality "1"]

1. e4 e6 2. Qe2 c5 3. g3 Nc6 4. Nf3 g6 5. Bg2 Bg7 6. 0-0 d6 7. c3 Nge7 8. Na3 0-0 9. Nc2 e5 10. Rd1 Qb6 11. d3 h6 12. a3 a5 13. a4 Be6 14. Ne3 Rad8 15. Nd2 d5 16. exd5 Nxd5 17. Ndc4 Qc7 18. f4 Rfe8 19. Qf2 Nde7 20. fxe5 Nxe5 21. Nxe5 Bxe5 22. Qf3 Nc6 23. Ng4 Bxg4 24. Qxg4 Bg7 25. Bf4 Qb6 26. Rab1 Ne5 27. Bxe5 Rxe5 28. Qf3 Rd7 29. Kh1 Rde7 30. Rf1 Kh7 31. Qf4 Re2 32. Rf2 Rxf2 33. Qxf2 Bxc3 34. Bd5 Bd4 35. Qf3 Kg7 36. Rf1 Qf6 37. Qg2 Qb6 38. Qf3 Qc7 39. b3 b6 40. g4 Qd7 41. h4 h5 42. gxh5 gxh5 43. Be4 Qg4 1/2-1/2

[Event "Los Angeles Metropolitan 29th"]
[Site "Los Angeles"]
[Date "2013.08.17"]
[Round "6"]
[White "Atoufi, Pedram"]
[Black "Remlinger, Larry"]
[Result "0-1"]
[WhiteElo "2269"]
[BlackElo "2302"]
[PlyCount "90"]
[EventDate "2013.08.14"]
[EventType "tourn"]
[EventRounds "9"]
[EventCountry "USA"]
[EventCategory "1"]
[SourceTitle "CBM 156 Extra"]
[Source "ChessBase"]
[SourceDate "2013.10.22"]
[SourceVersion "1"]
[SourceVersionDate "2013.10.22"]
[SourceQuality "1"]

1. e4 e6 2. d4 d5 3. exd5 exd5 4. Nf3 c6 5. Bd3 Bd6 6. 0-0 Ne7 7. c4 dxc4 8. Bxc4 0-0 9. Nc3 Bg4 10. h3 Bh5 11. g4 Bg6 12. Ne5 b5 13. Bb3 b4 14. Nxg6 Nxg6 15. Ne4 Bc7 16. Bg5 Qd7 17. d5 Bf4 18. Qf3 Bxg5 19. Nxg5 c5 20. Rfe1 Qd6 21. Ne4 Qb6 22. Ba4 c4 23. Rad1 Ne5 24. Qf5 Nd3 25. Re2 g6 26. Qg5 f5 27. Nd2 Qd4 28. Nxc4 Qxc4 29. Bb3 Nf4 30. Re3 Qe4 31. d6+ Kh8 32. Bd5 Qxe3 33. Qe7 Qxe7 34. dxe7 Re8 35. Bxa8 Kg7 36. gxf5 Rxe7 37. fxg6 hxg6 38. Kh2 a5 39. Kg3 Nh5+ 40. Kg4 Nf6+ 41. Kg3 Re2 42. Rd8 Nbd7 43. Bc6 Ne5 44. Ba4 g5 45. Ra8 Ne4+ 0-1

[Event "Los Angeles Metropolitan 29th"]
[Site "Los Angeles"]
[Date "2013.08.14"]
[Round "1"]
[White "Yankovsky, Roman"]
[Black "Remlinger, Larry"]
[Result "1-0"]
[WhiteElo "2443"]
[BlackElo "2302"]
[PlyCount "97"]
[EventDate "2013.08.14"]
[EventType "tourn"]
[EventRounds "9"]
[EventCountry "USA"]
[EventCategory "1"]
[SourceTitle "CBM 156 Extra"]
[Source "ChessBase"]
[SourceDate "2013.10.22"]
[SourceVersion "1"]
[SourceVersionDate "2013.10.22"]
[SourceQuality "1"]

1. e4 e6 2. d4 d5 3. Nc3 Bb4 4. e5 Ne7 5. a3 Bxc3+ 6. bxc3 c5 7. a4 Qa5 8. Qd2 Nbc6 9. Nf3 Bd7 10. Be2 cxd4 11. cxd4 Qxd2+ 12. Bxd2 Nf5 13. Bc3 Rc8 14. Kd2 h5 15. Bd3 b6 16. h3 h4 17. Rhb1 Kd8 18. a5 Kc7 19. axb6+ axb6 20. Bxf5 exf5 21. Bb4 Ra8 22. Rxa8 Rxa8 23. Bd6+ Kb7 24. Bc5 Ra6 25. Nxh4 Kc7 26. Bf8 Nxd4 27. Bxg7 f4 28. Rb4 Ne6 29. Bh6 Ra2 30. Bxf4 d4 31. Bh6 Nc5 32. Bf8 Ba4 33. Bxc5 bxc5 34. Rxa4 Rxa4 35. Nf5 Kb6 36. Nd6 Kc6 37. Nxf7 Kd5 38. f4 c4 39. f5 Ra2 40. Kd1 d3 41. cxd3 cxd3 42. e6 Re2 43. g4 Kd4 44. Nd6 Kc3 45. Nb5+ Kc4 46. g5 Kxb5 47. g6 Kc4 48. g7 Rg2 49. e7 1-0

[Event "Southern California-chB"]
[Site "Monterey Park"]
[Date "2013.06.01"]
[Round "2"]
[White "Hilby, Craig"]
[Black "Remlinger, Larry"]
[Result "1-0"]
[WhiteElo "2039"]
[BlackElo "2305"]
[PlyCount "63"]
[EventDate "2013.06.01"]
[EventType "swiss"]
[EventRounds "4"]
[EventCountry "USA"]
[SourceTitle "EXT 2014"]
[Source "ChessBase"]
[SourceDate "2013.11.20"]
[SourceVersion "1"]
[SourceVersionDate "2013.11.20"]
[SourceQuality "1"]

1. e4 e5 2. Nf3 Nc6 3. Bc4 Bc5 4. 0-0 Nf6 5. d3 d6 6. c3 Bb6 7. h3 h6 8. Re1 0-0 9. Bb3 Be6 10. Bc2 Ne7 11. Nbd2 c6 12. Nc4 Bc7 13. Ne3 d5 14. Nh2 Qd7 15. Qf3 Nh7 16. g4 Ng6 17. Nf5 Rfe8 18. Qg3 Rad8 19. Nf3 c5 20. h4 dxe4 21. dxe4 Qb5 22. h5 Nf4 23. g5 Bxf5 24. exf5 hxg5 25. Nxg5 Nxh5 26. Qh4 N7f6 27. Bb3 Re7 28. Ne4 Qd7 29. Bg5 Qxf5 30. Bc2 Qf3 31. Nxf6+ Nxf6 32. Bxf6 1-0

[Event "Southern California-chB"]
[Site "Monterey Park"]
[Date "2013.06.01"]
[Round "1"]
[White "Remlinger, Larry"]
[Black "Nita, Marian Nick"]
[Result "1-0"]
[WhiteElo "2305"]
[BlackElo "2120"]
[PlyCount "41"]
[EventDate "2013.06.01"]
[EventType "swiss"]
[EventRounds "4"]
[EventCountry "USA"]
[SourceTitle "EXT 2014"]
[Source "ChessBase"]
[SourceDate "2013.11.20"]
[SourceVersion "1"]
[SourceVersionDate "2013.11.20"]
[SourceQuality "1"]

1. d4 d5 2. c4 e6 3. Nc3 c5 4. cxd5 exd5 5. Nf3 Nc6 6. g3 Nf6 7. Bg2 Be7 8. 0-0 0-0 9. dxc5 Bxc5 10. a3 a6 11. b4 Ba7 12. Bg5 Be6 13. Bxf6 gxf6 14. Qd2 d4 15. Ne4 Qe7 16. Qh6 Bf5 17. Nxf6+ Kh8 18. Ng5 Rg8 19. Ngxh7 Rg6 20. Qh5 Bc2 21. Nd5 1-0

[Event "Los Angeles Metropolitan 27th"]
[Site "Los Angeles"]
[Date "2013.05.19"]
[Round "10"]
[White "Remlinger, Larry"]
[Black "Amanov, Zhanibek"]
[Result "1-0"]
[WhiteElo "2308"]
[BlackElo "2375"]
[PlyCount "113"]
[EventDate "2013.05.15"]
[EventType "tourn"]
[EventRounds "10"]
[EventCountry "USA"]
[EventCategory "8"]
[SourceTitle "CBM 154 Extra"]
[Source "ChessBase"]
[SourceDate "2013.06.25"]
[SourceVersion "2"]
[SourceVersionDate "2013.06.25"]
[SourceQuality "1"]

1. d4 Nf6 2. c4 e6 3. Nc3 Bb4 4. Qc2 0-0 5. a3 Bxc3+ 6. Qxc3 d5 7. Nf3 dxc4 8. Qxc4 b6 9. Bg5 Ba6 10. Qa4 h6 11. Bh4 Qd7 12. Qc2 Nd5 13. Ne5 Qd6 14. e4 Bxf1 15. Kxf1 Nf4 16. Bg3 Nh5 17. Nf3 Nxg3+ 18. hxg3 Nd7 19. Rd1 c5 20. d5 exd5 21. Rxd5 Qe6 22. Rhh5 Nf6 23. Rhe5 Qc6 24. Rd2 Rfe8 25. Rxe8+ Rxe8 26. e5 Nd7 27. Qf5 Nf8 28. Kg1 Ne6 29. Kh2 Qc7 30. Rd6 b5 31. Qd3 c4 32. Qd5 Qc5 33. Qd2 Rc8 34. Rd5 Qc6 35. Rd6 Qc5 36. Rd5 Qc6 37. Rd6 Qe4 38. Qa5 Qb7 39. Nd4 Nxd4 40. Rxd4 a6 41. Rd6 Ra8 42. f4 Qe4 43. Rxa6 Rxa6 44. Qxa6 Qe2 45. Qc8+ Kh7 46. Qf5+ Kg8 47. Qc8+ Kh7 48. Qf5+ Kg8 49. e6 Qxe6 50. Qxb5 f6 51. a4 g5 52. a5 Qe2 53. Qd5+ Kg7 54. a6 gxf4 55. a7 fxg3+ 56. Kh3 h5 57. Qd7+ 1-0

[Event "Los Angeles Metropolitan 27th"]
[Site "Los Angeles"]
[Date "2013.05.17"]
[Round "5"]
[White "Amanov, Zhanibek"]
[Black "Remlinger, Larry"]
[Result "1-0"]
[WhiteElo "2375"]
[BlackElo "2308"]
[PlyCount "105"]
[EventDate "2013.05.15"]
[EventType "tourn"]
[EventRounds "10"]
[EventCountry "USA"]
[EventCategory "8"]
[SourceTitle "CBM 154 Extra"]
[Source "ChessBase"]
[SourceDate "2013.06.25"]
[SourceVersion "2"]
[SourceVersionDate "2013.06.25"]
[SourceQuality "1"]

1. e4 e5 2. Nf3 Nc6 3. Bb5 g6 4. d4 exd4 5. Bg5 Be7 6. Bxe7 Qxe7 7. Bxc6 dxc6 8. Qxd4 Nf6 9. Nc3 Bg4 10. Nd2 c5 11. Qe3 0-0-0 12. h3 Bd7 13. 0-0-0 Bc6 14. f3 Nh5 15. Nc4 b6 16. g4 Ng7 17. f4 Rhe8 18. Rxd8+ Rxd8 19. Rd1 Rxd1+ 20. Kxd1 Qe6 21. b3 Qd7+ 22. Qd3 Ne6 23. Qxd7+ Bxd7 24. f5 Nf4 25. h4 h5 26. gxh5 Nxh5 27. fxg6 fxg6 28. Ne5 Be8 29. Ke2 Kd8 30. Kf3 Ke7 31. Nd5+ Kd6 32. Nc4+ Kd7 33. Kg4 c6 34. Nf4 Nf6+ 35. Kf3 Ke7 36. Ne5 Ng8 37. Nexg6+ Kf6 38. h5 Nh6 39. e5+ Kf5 40. e6 Ng8 41. Nf8 Kf6 42. Ke4 Ke7 43. Nh7 Nh6 44. Ke5 Ng4+ 45. Kf5 Ne3+ 46. Kg5 Nxc2 47. Nf6 Bxh5 48. N6xh5 Nd4 49. Ng7 Nxe6+ 50. Ngxe6 Kd6 51. Kf5 b5 52. Ke4 a5 53. Kd3 1-0

[Event "Los Angeles Metropolitan 27th"]
[Site "Los Angeles"]
[Date "2013.05.15"]
[Round "1"]
[White "Sevillano, Enrico"]
[Black "Remlinger, Larry"]
[Result "1-0"]
[WhiteElo "2500"]
[BlackElo "2308"]
[PlyCount "69"]
[EventDate "2013.05.15"]
[EventType "tourn"]
[EventRounds "10"]
[EventCountry "USA"]
[EventCategory "8"]
[SourceTitle "CBM 154 Extra"]
[Source "ChessBase"]
[SourceDate "2013.06.25"]
[SourceVersion "2"]
[SourceVersionDate "2013.06.25"]
[SourceQuality "1"]

1. e4 e5 2. Nf3 Nc6 3. d4 exd4 4. Nxd4 Nf6 5. Nxc6 bxc6 6. e5 Qe7 7. Qe2 Nd5 8. c4 Nb6 9. g3 Ba6 10. b3 0-0-0 11. Bg2 f6 12. Bb2 fxe5 13. 0-0 Re8 14. Re1 Qf7 15. Nd2 Kb8 16. Qd3 d5 17. Bxe5 Bc5 18. Nf3 Nd7 19. Bf4 Bb6 20. Qd2 h6 21. cxd5 cxd5 22. a4 g5 23. Ne5 Nxe5 24. Bxe5 Rhf8 25. Ra2 Bb7 26. a5 Bc5 27. b4 Bd6 28. Bxd6 Rxe1+ 29. Qxe1 cxd6 30. Re2 Rc8 31. Bh3 Rf8 32. Re7 Qh5 33. Rxb7+ Kxb7 34. Qe7+ Kc6 35. Qd7# 1-0

[Event "Metropolitan Qual 24th"]
[Site "Los Angeles"]
[Date "2012.12.22"]
[Round "2"]
[White "Remlinger, Larry"]
[Black "Zaloznyy, Mike"]
[Result "1-0"]
[WhiteElo "2328"]
[BlackElo "2009"]
[PlyCount "125"]
[EventDate "2012.12.21"]
[EventType "swiss"]
[EventRounds "5"]
[EventCountry "USA"]
[SourceTitle "EXT 2014"]
[Source "ChessBase"]
[SourceDate "2013.11.20"]
[SourceVersion "1"]
[SourceVersionDate "2013.11.20"]
[SourceQuality "1"]

1. d4 Nf6 2. c4 c5 3. d5 e6 4. Nc3 exd5 5. cxd5 d6 6. Nf3 g6 7. Bf4 a6 8. a4 Bg7 9. h3 0-0 10. e3 Qe7 11. Nd2 Nbd7 12. Be2 Rb8 13. 0-0 Ne8 14. Qc2 Nc7 15. Nc4 Ne5 16. Nb6 f5 17. Rfe1 Nd7 18. Nxc8 Rfxc8 19. Bf1 Be5 20. Bxe5 dxe5 21. f4 Qd6 22. e4 Rf8 23. exf5 gxf5 24. fxe5 Nxe5 25. Qf2 Kh8 26. Qf4 Rbe8 27. Rad1 Rf6 28. Qf2 c4 29. a5 Nb5 30. Nxb5 axb5 31. Kh1 Rg8 32. Qd4 Re8 33. Re2 Re7 34. Rde1 Nc6 35. Qc3 Rxe2 36. Rxe2 b4 37. Qxc4 Nxa5 38. Qb5 b6 39. Qe8+ Rf8 40. Qe5+ Qxe5 41. Rxe5 Rf6 42. Bd3 Kg7 43. Kg1 h6 44. Kf2 Nb7 45. Bxf5 Nd6 46. g4 Nc4 47. Re2 Nd6 48. Re7+ Kf8 49. Re5 Nc4 50. Re2 Nd6 51. Re3 Nxf5 52. Rf3 Ke7 53. Rxf5 Rg6 54. Ke3 Kd6 55. Kd4 b3 56. Kc4 Rg8 57. Kxb3 Kc5 58. Kc3 Rc8 59. Rh5 Kb5+ 60. Kd3 Rc5 61. b3 Kb4 62. d6 Rc1 63. Rd5 1-0

[Event "Los Angeles Metropolitan 22nd"]
[Site "Los Angeles"]
[Date "2012.10.13"]
[Round "6"]
[White "Remlinger, Larry"]
[Black "Manukian, Garuch"]
[Result "1-0"]
[WhiteElo "2322"]
[BlackElo "2260"]
[PlyCount "107"]
[EventDate "2012.10.10"]
[EventType "tourn"]
[EventRounds "9"]
[EventCountry "USA"]
[EventCategory "2"]
[SourceTitle "EXT 2013"]
[Source "ChessBase"]
[SourceDate "2012.11.22"]
[SourceVersion "1"]
[SourceVersionDate "2012.11.22"]
[SourceQuality "1"]

1. d4 Nf6 2. c4 e6 3. Nc3 d5 4. cxd5 exd5 5. Bg5 Be7 6. e3 c6 7. Bd3 Nbd7 8. Qc2 Nf8 9. Nge2 g6 10. f3 Ne6 11. Bh4 Ng7 12. 0-0 0-0 13. Rad1 Bd7 14. h3 Kh8 15. e4 dxe4 16. fxe4 Nfe8 17. Bg3 f5 18. d5 fxe4 19. Rxf8+ Bxf8 20. Bxe4 Qb6+ 21. Kh1 Nf6 22. dxc6 Bxc6 23. Bxc6 Qxc6 24. Nd4 Qc4 25. Nf3 Nf5 26. Be5 Bg7 27. Qf2 Qc6 28. Nd4 Nxd4 29. Qxd4 Qa6 30. Kg1 Rf8 31. Rf1 Qb6 32. Qxb6 axb6 33. Nd5 Nd7 34. Rxf8+ Nxf8 35. Bxg7+ Kxg7 36. Nxb6 Kf6 37. Kf2 Ke5 38. Ke3 Ne6 39. b4 Nf4 40. Nd7+ Kf5 41. Kf3 Nd5 42. g4+ Kg5 43. Kg3 Nxb4 44. h4+ Kh6 45. a4 Kg7 46. Kf4 Kf7 47. Nc5 b6 48. Nd7 Nd5+ 49. Ke5 Ne3 50. Nxb6 Nxg4+ 51. Kd6 Nf6 52. a5 Ne8+ 53. Kd7 Nf6+ 54. Kc6 1-0

[Event "Los Angeles Metropolitan 20th"]
[Site "Los Angeles"]
[Date "2012.07.15"]
[Round "9"]
[White "Remlinger, Larry"]
[Black "Matikozian, Andranik"]
[Result "1/2-1/2"]
[WhiteElo "2333"]
[BlackElo "2407"]
[PlyCount "40"]
[EventDate "2012.07.11"]
[EventType "tourn"]
[EventRounds "9"]
[EventCountry "USA"]
[EventCategory "1"]
[SourceTitle "CBM 149 Extra"]
[Source "ChessBase"]
[SourceDate "2012.08.24"]
[SourceVersion "1"]
[SourceVersionDate "2012.08.24"]
[SourceQuality "1"]

1. d4 d5 2. c4 e6 3. Nc3 Nf6 4. cxd5 exd5 5. Bg5 c6 6. e3 Be7 7. Qc2 Nbd7 8. Bd3 0-0 9. Nge2 Re8 10. 0-0 Ne4 11. Bxe7 Qxe7 12. Rae1 Ndf6 13. f3 Nxc3 14. Nxc3 Qd6 15. Qf2 Be6 16. a3 Rad8 17. Qg3 Qxg3 18. hxg3 h6 19. Kf2 Bc8 20. g4 Kf8 1/2-1/2

[Event "Los Angeles Metropolitan 20th"]
[Site "Los Angeles"]
[Date "2012.07.13"]
[Round "5"]
[White "Remlinger, Larry"]
[Black "Liou, Yian"]
[Result "1/2-1/2"]
[WhiteElo "2333"]
[BlackElo "2322"]
[PlyCount "56"]
[EventDate "2012.07.11"]
[EventType "tourn"]
[EventRounds "9"]
[EventCountry "USA"]
[EventCategory "1"]
[SourceTitle "CBM 149 Extra"]
[Source "ChessBase"]
[SourceDate "2012.08.24"]
[SourceVersion "1"]
[SourceVersionDate "2012.08.24"]
[SourceQuality "1"]

1. d4 d5 2. c4 c6 3. cxd5 cxd5 4. Nf3 Nc6 5. Nc3 Nf6 6. Bf4 a6 7. Rc1 Bf5 8. e3 e6 9. Qb3 Ra7 10. Ne5 Nxe5 11. Bxe5 Nd7 12. Bg3 Be7 13. Be2 0-0 14. 0-0 b5 15. a4 b4 16. Nb1 Qb6 17. Nd2 Qa5 18. Rc6 Nb8 19. Bxb8 Rxb8 20. Ra1 Raa8 21. Bd3 Rc8 22. Rxc8+ Rxc8 23. Bxf5 exf5 24. Qd3 g6 25. Nb3 Qb6 26. g3 Rc4 27. Nd2 Rc6 28. Qb3 Qc7 1/2-1/2

[Event "Los Angeles Metropolitan 20th"]
[Site "Los Angeles"]
[Date "2012.07.13"]
[Round "4"]
[White "Viswanadha, Kesav"]
[Black "Remlinger, Larry"]
[Result "0-1"]
[WhiteElo "2015"]
[BlackElo "2333"]
[PlyCount "130"]
[EventDate "2012.07.11"]
[EventType "tourn"]
[EventRounds "9"]
[EventCountry "USA"]
[EventCategory "1"]
[SourceTitle "CBM 149 Extra"]
[Source "ChessBase"]
[SourceDate "2012.08.24"]
[SourceVersion "1"]
[SourceVersionDate "2012.08.24"]
[SourceQuality "1"]

1. e4 e5 2. Nf3 Nc6 3. Bb5 g6 4. c3 a6 5. Ba4 d6 6. 0-0 Bd7 7. d4 Bg7 8. Re1 h6 9. Be3 Nf6 10. Bc2 0-0 11. a3 Qe7 12. h3 Rad8 13. Nbd2 Nh5 14. Nf1 Na5 15. Qc1 g5 16. N3d2 Nc6 17. Nb3 Qf6 18. d5 Nb8 19. Nh2 Nf4 20. c4 Qg6 21. c5 Ba4 22. Na5 Bxc2 23. Qxc2 Nxd5 24. Nxb7 Rd7 25. Qa4 Nxe3 26. Rxe3 d5 27. exd5 Rxd5 28. b4 Qc6 29. Qxc6 Nxc6 30. Rc1 Rb8 31. Na5 Nxa5 32. bxa5 c6 33. Rec3 f5 34. Nf1 f4 35. Rc4 Rb5 36. Rb4 Rdxc5 37. Rxb5 Rxb5 38. Rxc6 Rxa5 39. Rc3 Bf8 40. Nd2 Rxa3 41. Rc1 Rd3 42. Ne4 Kf7 43. Rc7+ Ke6 44. Rc8 Rd1+ 45. Kh2 Rd4 46. f3 Kf7 47. Rc7+ Be7 48. Rc6 a5 49. Rxh6 a4 50. Ra6 a3 51. Ra7 Ke6 52. Ra6+ Kd5 53. Ra5+ Ke6 54. Ra6+ Kd5 55. Ra5+ Kc4 56. Ra7 Bb4 57. Nxg5 Kb3 58. h4 a2 59. h5 Ba3 60. Rb7+ Rb4 61. Rxb4+ Bxb4 62. h6 Bf8 63. h7 Bg7 64. Ne6 Bh8 65. Nc5+ Kc2 0-1